000 00700nam a2200193 a 4500
008 101123s2009 ||||||||||||||||| || u
020 _a9780330504263
050 _aHF 5718 Ada
100 _aAdair, John
245 1 0 _aEffective communication: the most important management skill of all
260 _aLondon:
_bPan Books
_c2009
300 _ax, 223p.: ill.
350 _a0.00
490 _aEffective series
650 _aCOMMUNICATION
650 0 _aBUSINESS COMMUNICATION
650 _aENGLISH LANGUAGE--BUSINESS ENGLISH
995 _D0.00
_FCBU-MAIN LIBRARY (Kitwe)
_H1
_I0.00
_M1
_UAVAILABLE
_WNov 23, 2010
_ZMain Library Open Access Collection
999 _c41260
_d41260